Statistics for Click the Number 1 to 15

Click here to take the quiz!

General Stats

  • This quiz has been taken 621 times
  • The average score is 9 of 15

Answer Stats

HintAnswer% Correct
How many World Wars have there been?2
90%
How many lives do cats have?9
87%
How many is a dozen?12
86%
How many legs does a spider have?8
80%
How many children was China enforcing?1
77%
How many horsemen of the apocalypse?4
63%
How many days in a fortnight?14
61%
How many wives did Henry VIII have?6
60%
How many original Jackson brothers were there?5
59%
How many of Harry Potter's Horcruxes?7
54%
Which episode was Revenge of the Sith?3
42%
How many Plagues of Egypt?10
29%
How many total players on an NBA team's roster?15
28%
How many ingredients in KFC's Secret Formula?11
25%
How many times NASA launched a Saturn V rocket?13
16%

Score Distribution

Percentile by Number Answered

Percent of People with Each Score

Your Score History

You have not taken this quiz